000 00788nam a2200181 i 4500
001 164751
003 ES-MaACL
005 20230906213009.0
008 050804s1869 sp | |||||||| ||spa d
040 _aCAM
_bspa
_cCAM
100 1 _aSantisteban, Mariano.
_9103433
245 1 0 _aEnunciados de problemas de física y química propuestos para su resolución a los alumnos del Instituto de San Isidro
_b: en el curso de 1868 a 1869 /
_cpor el catedrático Mariano Santisteban.
260 _aMadrid :
_b[s.n.],
_c1869 (
_eImprenta de la Viuda de Aguado é Hijo)
300 _a54, [2] p. ;
_c18 cm.
650 0 4 _aFísica-
_vProblemas.
_912885
650 4 _aQuímica-
_vProblemas.
_9140566
852 _aES-MaACL
_jT-715-F-2
_z-- Enc. hol., falto de la cub. original
_z-- Enc. en un vol. facticio
999 _c164751
_d164751